000 00295pab a2200109 454500
008 180718b xxu||||| |||| 00| 0 eng d
100 _aSabnavis, Madan
245 _aEconomic Reforms: a prescription for better living
650 _aEconomic Development
773 _aFinancial Express
909 _a22593
999 _c22593
_d22593